| 000 | 00763nam a2200265 a 4500 | ||
|---|---|---|---|
| 999 |
_c10631 _d10631 |
||
| 001 | 10631 | ||
| 003 | BD-JhCC | ||
| 005 | 20221124134023.0 | ||
| 008 | 180730s1994 pau b 001 0 eng | ||
| 020 | _a0385474547 | ||
| 035 | _a(BD-JhCC)10631 | ||
| 040 |
_aDLC _cDLC _dDLC _dBD-JhCC |
||
| 041 | _aeng | ||
| 050 | 0 | 0 |
_aPR9387.9.A3 _bT52396 2002 |
| 082 | 0 | 0 |
_a823/.914 _221 _bACH 1994 |
| 100 | _aAchebe, Chinua | ||
| 245 | 0 | 0 |
_aThings fall apart / _cChinua Achebe |
| 260 |
_aNew York : _bAnchor Books, _cc1994. |
||
| 300 |
_avii, 216 p. ; _c24 cm. |
||
| 440 | 0 | _aModern critical interpretations | |
| 600 | 1 | 0 |
_aAchebe, Chinua. _tThings fall apart. |
| 650 | 0 | _aIgbo (African people) in literature. | |
| 651 | 0 |
_aNigeria _xIn literature. |
|
| 942 |
_2ddc _cBK _07 |
||